00262nam a22000857a 4500008004100000082001600041245007500057300001000132710003400142230605b xxu||||| |||| 00| 0 eng d a324.64bECK aElection ManualbElectoral Commission Of Kenya Free And Fair Elections a103 P bElectoral Commission Of Kenya